000
00289nam a22001337a 4500
008
170427b xxu||||| |||| 00| 0 eng d
020
_a
9780495809708
041
_a
eng
080
_2
4 ED
_a
343.9
100
_a
13
101
_a
SHJ
245
_a
CRIMINOLOGY
_c
SIEGEL.L.J
942
_2
udc
_c
BK
999
_c
12291
_d
12291